Chemical process control: an inroduction to theory and practice

Furkejuvvon:
Bibliográfalaš dieđut
Váldodahkki: Stephanopoulos, Georges (Dahkki)
Materiálatiipa: Girji
Giella:eaŋgalasgiella
Almmustuhtton: Nueva Delhi Prentice Hall of India 2006
Fáttát:
Fáddágilkorat: Lasit fáddágilkoriid
Eai fáddágilkorat, Lasit vuosttaš fáddágilkora!

MARC

LEADER 00000nam a2200000 a 4500
001 UCI0830
003 CL-VaPUC
008 070601e20060000II |||||||||||||||||eng|d
020 |a 8120306651 
082 0 4 |a 660.281  |b STE  |2 21 
100 0 |a Stephanopoulos, Georges  |e author  |9 520963 
245 1 0 |a Chemical process control: an inroduction to theory and practice 
300 |a 696 p 
942 |c BK 
945 |d 20070601 00:00:00  |a jtorresc 
260 |a Nueva Delhi  |b Prentice Hall of India  |c 2006 
650 0 |a Procesos químicos  |9 259436 
650 7 |a INDUSTRIA QUIMICA  |2 CL-VaPUC  |9 520964 
650 0 |a Sistemas de control  |9 263596 
650 0 |a Modelos matemáticos   |9 259437 
583 |a last modification  |c 20140404 10:41:28  |k Rodrigo Vera 
999 |c 325810  |d 325808 
952 |0 0  |1 0  |4 0  |6 660_281000000000000_STE_2006  |7 0  |8 A  |9 407158  |a BIBING  |b BIBING  |d 2019-11-22  |i 4344170  |o 660.281 STE 2006  |p 4344170  |r 2025-01-20  |w 2019-11-22  |y BK  |k EIQ 
952 |0 0  |1 0  |4 0  |6 660_281000000000000_STE_2006  |7 0  |8 A  |9 407159  |a BIBING  |b BIBING  |d 2019-11-22  |i 4344189  |o 660.281 STE 2006  |p 4344189  |r 2025-01-20  |w 2019-11-22  |y BK  |k EIQ 
952 |0 0  |1 0  |4 0  |6 660_281000000000000_STE_2006  |7 0  |8 A  |9 407160  |a BIBING  |b BIBING  |d 2019-11-22  |i 4344197  |l 1  |o 660.281 STE 2006  |p 4344197  |r 2025-01-20  |s 2022-09-26  |w 2019-11-22  |y BK  |k EIQ